| 000 | 00362nam a2200145 i 4500 | ||
|---|---|---|---|
| 001 | bg | ||
| 100 | 1 | _aROLOFF, Heinrich | |
| 245 | 0 |
_aLehrbuch des Sachkatalogisierung / _cHeinrich Roloff. |
|
| 250 | _a3 völlig veranderte Auflage. | ||
| 260 |
_aLeipzig, _c1968. |
||
| 040 | _cBPK | ||
| 041 | _apol | ||
| 942 | _cKS | ||
| 008 | s pl f |000 0 pol | ||
| 999 |
_c13292 _d13292 |
||
| 856 |
_uhttp://koha.tu.koszalin.pl/cgi-bin/koha/opac-detail.pl?biblionumber=13292 _yKatalog online BPK |
||